000 00853nam a2200193 i 4500
001 bg
245 0 _aSpołeczne i pedagogiczne uwarunkowania procesu kształcenia i wychowania /
_c[red. nauk. Bożena Błahut].
260 _aWrocław :
_bWydaw. PW,
_c1979.
300 _a80 s :
_brys. ;
_c24 cm.
490 1 _aPrace Naukowe Instytutu Nauk Społecznych Politechniki Wrocławskiej. Studia i Materiały =
_aScientific Papers of the Institute of Social Sciences of the Technical University of Wrocław. Studies and Research ;
_v10
500 _aNumeracja ser. gł. : 21.
650 9 _aSzkolnictwo wyższe
650 9 _aNauczanie
_xefektywność
830 0 _aPrace Naukowe Instytutu Nauk Społecznych Politechniki Wrocławskiej.
_pStudia i Materiały ;
_v10
040 _cBPK
041 _apol
942 _cKS
008 s pl f |000 0 pol
999 _c27957
_d27957
856 _uhttp://koha.tu.koszalin.pl/cgi-bin/koha/opac-detail.pl?biblionumber=27957
_yKatalog online BPK